000 00531nam a2200205Ia 4500
005 20250324065041.0
008 240331s9999 xx 000 0 und d
020 _a0520050568
082 _a303
_bSHI
_24082
100 _aShibutani, T
245 0 _aSocial Processes:
_bAn Introduction to Sociology
260 _aCalifornia,
_bUniversity of California Press
_c1986
300 _axv, 579 p.,
650 _aSociology
650 _aEnvironment
650 _aCommunication
650 _aCulture
650 _aPolitics
942 _cL
999 _c1192
_d1192